Sustainability in the hospitality industry: Principles of sustainable operations (Record no. 312824)

MARC details
000 -LEADER
fixed length control field 00662 a2200229 4500
005 - DATE & TIME
control field 20240426104818.0
008 - FIXED-LENGTH DATA ELEMENTS--GENERAL INFORMATION
fixed length control field 240426b |||||||| |||| 00| 0 eng d
020 ## - ISBN
International Standard Book Number 9780367532505
Price £ 59.99
040 ## - CATALOGING SOURCE
Original cataloging agency VIVEKANANDA LIBRARY
082 ## - DDC NUMBER
Classification number 647.94
Book Number L494S(4)
100 ## - MAIN ENTRY--PERSONAL NAME
Personal name Legrand, Willy
245 ## - TITLE STATEMENT
Title Sustainability in the hospitality industry: Principles of sustainable operations
250 ## - EDITION STATEMENT
Edition statement 4th
260 ## - PUBLICATION, DISTRIBUTION, ETC. (IMPRINT)
Name of publisher, distributor, etc Routledge
Date of publication, distribution, etc 2023
Place of publication, distribution, etc New York
300 ## - PHYSICAL DESCRIPTION
Pages xxvi, 792
650 ## - Subject
Subject Hospitality Industry-Management
650 ## - Subject
Subject Social Responsibility of Business
650 ## - Subject
Subject Sustainability
700 ## - Added Entry Personal Name
Added Entry Personal Name Chen Joseph S
700 ## - Added Entry Personal Name
Added Entry Personal Name Laeis, Gabriel C M
942 ## - ADDED ENTRY ELEMENTS (KOHA)
Koha item type Books
Holdings
Withdrawn status Lost status Source of classification or shelving scheme Damaged status Not for loan Location (home branch) Sublocation or collection (holding branch) Shelving location Date acquired Koha issues (times borrowed) Koha full call number Accession No. Koha date last seen Koha item type
    Dewey Decimal Classification     VIVEKANANDA LIBRARY VIVEKANANDA LIBRARY IHTM Library 14/03/2024   647.94 L494S(4) 425042 14/03/2024 Books
© Designed and Maintained by Vivekananda Library, MDU Rohtak